Normal view
MARC view
- Language - Literature
Entry Topical Term
001 - CONTROL NUMBER
- control field: 5805
003 - CONTROL NUMBER IDENTIFIER
- control field: JO-AjAnu
005 - DATE AND TIME OF LATEST TRANSACTION
- control field: 20230606071237.0
008 - FIXED-LENGTH DATA ELEMENTS
- fixed length control field: 230606|| aca||aabn | a|a d
040 ## - CATALOGING SOURCE
- Original cataloging agency: JO-AjAnu
- Transcribing agency: JO-AjAnu
150 ## - HEADING--TOPICAL TERM
- Topical term or geographic name entry element: Language - Literature
670 ## - SOURCE DATA FOUND
- Source citation: Work cat.: (JO-AjAnu)3008: Preparation AL-Ananbeh, Azhar, Sajeda Amayrih؛ Supervisor Mahmoud AL-Sobh, Co Supervisor Abeer Al-Ghazo, author 5804, Student,s Pereeptions Toward Assessment Strategies Used by Ajloun National University Instructors